Statistics for Norwegian Brand Logo Quiz

Click here to take the quiz!

General Stats

  • This quiz has been taken 18 times
  • The average score is 9 of 12

Answer Stats

Answer% Correct
Helly Hansen
92%
Norwegian
92%
Telenor
92%
Tine
92%
Bring
85%
Jarlsberg
85%
Posten
85%
Gilde
77%
Equinor
69%
Freia
69%
Widerøe
69%
Snøhetta
15%

Score Distribution

Percentile by Number Answered

Percent of People with Each Score

Your Score History

You have not taken this quiz